[Event "Palaro ng Pawis at Dugo"]
[Site "SchemingMind.com"]
[Date "2007.08.08"]
[Round "-"]
[White "marks"]
[Black "esteves101"]
[Result "0-1"]
[WhiteCountry "PHI"]
[BlackCountry "PHI"]
[WhiteElo "1717"]
[WhiteRD "61"]
[BlackElo "1907"]
[BlackRD "102"]
[GameID "115188"]

1. d4 d5 2. Nf3 Nc6 3. Bf4 Nf6 4. c4 dxc4 5. Nc3 Na5 6. e4 c6 7. a4 Bg4 8. Be2 Bxf3 9. Bxf3 Nb3 10. Rb1 Qxd4
11. O-O e5 12. Bg3 Nd2 13. Bxe5 Nxf3+ 14. Qxf3 Qxe5 15. Rbd1 Bb4 16. Qe3 O-O 17. h3 Bxc3 18. bxc3 Qxe4 19. Qc5 Rfd8 20. Rfe1 Rxd1
21. Rxd1 Nd5 22. Rd4 Qe1+ 23. Kh2 Qxc3 24. Rxc4 Qe5+ 25. g3 Qe7 26. Qd4 Nb6 27. Rc3 Qd7 28. Qh4 Qd2 29. Rf3 Re8 30. Kg2 Qd5
31. g4 Nc4
0-1

[Event "Palaro ng Pawis at Dugo"]
[Site "SchemingMind.com"]
[Date "2007.08.08"]
[Round "-"]
[White "esteves101"]
[Black "marks"]
[Result "1-0"]
[WhiteCountry "PHI"]
[BlackCountry "PHI"]
[WhiteElo "1907"]
[WhiteRD "102"]
[BlackElo "1717"]
[BlackRD "61"]
[GameID "115190"]

1. e4 e5 2. Nf3 Nc6 3. Nc3 Nf6 4. Bb5 Nd4 5. O-O a6 6. Bd3 Bc5 7. Nxe5 d6 8. Nf3 Bg4 9. Be2 Nxe2+ 10. Qxe2 Qd7
11. d3 O-O-O 12. h3 Bxh3 13. gxh3 Qxh3 14. Be3 Ng4 15. d4 f6 16. dxc5 g5 17. c6 Rdg8 18. Nd5 b5 19. Ne7+ Kd8 20. Nxg8 Rxg8
21. Bb6 Rg6 22. Qd3 Ke7 23. Bxc7 f5 24. exf5 Rh6 25. Rae1+ Kf8 26. Bxd6+ Kg8 27. Qd5+ Kg7 28. Re7+
1-0

[Event "Palaro ng Pawis at Dugo"]
[Site "SchemingMind.com"]
[Date "2007.08.24"]
[Round "-"]
[White "chronorook"]
[Black "Be0wulf"]
[Result "1-0"]
[WhiteCountry "PHI"]
[BlackCountry "PHI"]
[WhiteElo "1662"]
[WhiteRD "95"]
[BlackElo "1464"]
[BlackRD "74"]
[GameID "117370"]

1. e4 c5 2. Nf3 d6 3. d4 Nc6 4. Bb5 Qb6 5. Nc3 e6 6. d5 a6 7. Ba4 Qb4 8. a3 Qa5 9. dxc6 b5 10. Bd2 bxa4
11. Nd5 Qd8 12. c7
1-0

[Event "Palaro ng Pawis at Dugo"]
[Site "SchemingMind.com"]
[Date "2007.08.22"]
[Round "-"]
[White "chronorook"]
[Black "esteves101"]
[Result "0-1"]
[WhiteCountry "PHI"]
[BlackCountry "PHI"]
[WhiteElo "1661"]
[WhiteRD "84"]
[BlackElo "1907"]
[BlackRD "102"]
[GameID "117371"]

1. e4 e5 2. Nf3 Nf6 3. Nxe5 Qe7 4. Nf3 Qxe4+ 5. Be2 Bb4 6. O-O O-O 7. a3 Be7 8. d4 d6 9. Bd3 Qg4 10. Nc3 Re8
11. h3 Qh5 12. Be3 Bd7 13. Nh2 Qxd1 14. Raxd1 Na6 15. Bxa6 bxa6 16. Rfe1 Rab8 17. Bc1 Bf8 18. Nf3 Bf5 19. Rd2 Rxe1+ 20. Nxe1 Re8
21. Nf3 h5 22. Kh2 g6 23. Ne2 Ne4 24. Ng3 Nxd2 25. Bxd2 Bxc2 26. b4 c5 27. dxc5 dxc5 28. bxc5 Bxc5 29. Nh1 Bxa3 30. Be3 Bd6+
31. g3 a5
0-1

[Event "Palaro ng Pawis at Dugo"]
[Site "SchemingMind.com"]
[Date "2007.08.22"]
[Round "-"]
[White "chronorook"]
[Black "marks"]
[Result "1-0"]
[WhiteCountry "PHI"]
[BlackCountry "PHI"]
[WhiteElo "1661"]
[WhiteRD "84"]
[BlackElo "1717"]
[BlackRD "61"]
[GameID "117372"]

1. e4 Nf6 2. e5 Nd5 3. c4 Nb6 4. d4 d6 5. exd6 cxd6 6. Nf3 g6 7. Be2 Bg7 8. Be3 O-O 9. O-O Bf5 10. Nc3 N8d7
11. Qd2 Rc8 12. b3 Nf6 13. Rac1 Ne4 14. Nxe4 Bxe4 15. Bh6 e6 16. Bxg7 Kxg7 17. Qe3 Bxf3 18. Bxf3 Qd7 19. Rfd1 Qe7 20. Re1 Nd7
21. Bxb7 Rc7 22. Bf3 Re8 23. h4 Qxh4 24. c5 d5 25. Bxd5 Nf6 26. Bf3 Rd8 27. Rc4 Nd5 28. Qe5+ Qf6 29. Bxd5 Rxd5 30. Qxc7 Qh4
31. Re5 Rxd4 32. Rxd4 Qxd4 33. Qd6
1-0

[Event "Palaro ng Pawis at Dugo"]
[Site "SchemingMind.com"]
[Date "2007.08.24"]
[Round "-"]
[White "Be0wulf"]
[Black "chronorook"]
[Result "0-1"]
[WhiteCountry "PHI"]
[BlackCountry "PHI"]
[WhiteElo "1464"]
[WhiteRD "74"]
[BlackElo "1662"]
[BlackRD "95"]
[GameID "117373"]

1. d4 Nf6 2. c4 e6 3. Nc3 Bb4 4. f3 d5 5. a3 Bxc3+ 6. bxc3 c6 7. Bg5 Nbd7 8. e4 Qa5 9. Qd2 dxe4 10. Be2 exf3
11. Bxf3 h6
0-1

[Event "Palaro ng Pawis at Dugo"]
[Site "SchemingMind.com"]
[Date "2007.08.22"]
[Round "-"]
[White "esteves101"]
[Black "chronorook"]
[Result "1-0"]
[WhiteCountry "PHI"]
[BlackCountry "PHI"]
[WhiteElo "1907"]
[WhiteRD "102"]
[BlackElo "1661"]
[BlackRD "84"]
[GameID "117374"]

1. e4 c5 2. Nf3 d6 3. Bc4 e6 4. O-O Be7 5. d4 cxd4 6. Qxd4 Bf6 7. Qd3 Qc7 8. Rd1 Be7 9. Nc3 Nf6 10. Nb5 Qc6
11. e5 d5 12. Nd6+ Bxd6 13. Bb5 Bc7 14. exf6 gxf6 15. Bxc6+ Nxc6 16. Bh6 Bd7 17. Bg7 Rg8 18. Qxh7 O-O-O 19. Bxf6 Rdf8 20. c4 dxc4
21. Rac1 Bd8 22. Bg7 Re8 23. Rxc4 Kb8 24. Rxd7 Bc7 25. Nd4
1-0

[Event "Palaro ng Pawis at Dugo"]
[Site "SchemingMind.com"]
[Date "2007.08.22"]
[Round "-"]
[White "marks"]
[Black "chronorook"]
[Result "0-1"]
[WhiteCountry "PHI"]
[BlackCountry "PHI"]
[WhiteElo "1717"]
[WhiteRD "61"]
[BlackElo "1661"]
[BlackRD "84"]
[GameID "117375"]

1. d4 Nf6 2. c4 e6 3. Nf3 b6 4. Nc3 Bb7 5. e3 Be7 6. Bd3 O-O 7. O-O d6 8. Qc2 c5 9. Ne2 Qc7 10. b3 Nbd7
11. Ng3 Rac8 12. Bb2 cxd4 13. Nxd4 a6 14. Qe2 Ne5 15. Nf3 Nxf3+ 16. gxf3 d5 17. Rac1 Qb8 18. f4 dxc4 19. bxc4 Rfd8 20. e4 Qxf4
21. f3 Bc5+ 22. Kh1 Bd4 23. Bxd4 Rxd4 24. Qc2 Rcd8 25. Rcd1 Qe3 26. Qe2 Qh6 27. Bc2 Nh5 28. Nxh5 Qxh5 29. Rxd4 Rxd4 30. Qf2 Qe5
31. Bb3 Qd6 32. Qg3 Qd8 33. Rg1 g6 34. h4 Rd3 35. Qf4 Kg7 36. h5 Rxf3 37. h6+ Kg8 38. Qe5 Qh4+ 39. Qh2 Rh3
0-1

[Event "Palaro ng Pawis at Dugo"]
[Site "SchemingMind.com"]
[Date "2007.08.30"]
[Round "-"]
[White "Rixx"]
[Black "chronorook"]
[Result "0-1"]
[WhiteCountry "PHI"]
[BlackCountry "PHI"]
[WhiteElo "1881"]
[WhiteRD "109"]
[BlackElo "1661"]
[BlackRD "84"]
[GameID "118592"]

1. c4 Nf6 2. Nc3 e6 3. d4 Bb4 4. Qc2 c5 5. dxc5 Nc6 6. Nf3 O-O 7. e3 d5 8. cxd6 Qxd6 9. Bd2 Rd8 10. O-O-O Qe7
11. h3 b6 12. Be2 Bb7 13. a3 Bxc3 14. Bxc3 a6 15. Rhg1 Rac8 16. g4 b5 17. cxb5 axb5 18. Bxb5 Nd5 19. Bxc6 Bxc6 20. Rxd5 Bxd5
21. Nd4 Qb7 22. Kb1 Be4 23. f4 Bxc2+ 24. Kxc2 Qe4+ 25. Kd2 h6 26. g5 e5 27. gxh6 exd4 28. Rxg7+ Kf8 29. Bb4+ Ke8
0-1

[Event "Palaro ng Pawis at Dugo"]
[Site "SchemingMind.com"]
[Date "2007.09.03"]
[Round "-"]
[White "Rixx"]
[Black "esteves101"]
[Result "0-1"]
[WhiteCountry "PHI"]
[BlackCountry "PHI"]
[WhiteElo "1811"]
[WhiteRD "96"]
[BlackElo "1966"]
[BlackRD "94"]
[GameID "118594"]

1. c4 e5 2. Nc3 Nf6 3. e4 Bc5 4. g3 d6 5. h3 O-O 6. Bg2 Nc6 7. Nge2 Be6 8. d3 Nd7 9. O-O a5 10. Be3 Bxe3
11. fxe3 Qg5 12. Qd2 Qh6 13. Kh2 Ne7 14. Nd5 Nxd5 15. exd5 Bg4 16. Rf2 Nf6 17. Raf1 Bd7 18. Rf3 a4 19. Nc3 c6 20. Qe2 cxd5
21. cxd5 Rfc8 22. Ne4 Nxe4 23. dxe4 Bg4 24. Kg1 Bxf3 25. Qxf3 Rc7 26. g4 a3 27. b3 Rac8 28. Qf5 Qxe3+ 29. Kh2 b5 30. h4 Qa7
31. h5 Rc2 32. g5 g6 33. Qf6 gxh5 34. Qxd6 Qe3 35. Qxe5 Rxg2+ 36. Kxg2 Rc2+ 37. Rf2 Rxf2+
0-1

[Event "Palaro ng Pawis at Dugo"]
[Site "SchemingMind.com"]
[Date "2007.08.30"]
[Round "-"]
[White "Rixx"]
[Black "marks"]
[Result "1-0"]
[WhiteCountry "PHI"]
[BlackCountry "PHI"]
[WhiteElo "1881"]
[WhiteRD "109"]
[BlackElo "1717"]
[BlackRD "61"]
[GameID "118595"]

1. c4 c5 2. Nc3 Nc6 3. e4 g6 4. g3 Bg7 5. Bg2 d6 6. Nge2 Nf6 7. O-O O-O 8. d3 e5 9. h3 a6 10. f4 exf4
11. Bxf4 Nh5 12. Be3 Nd4 13. Qd2 Bd7 14. Rab1 Rb8 15. Rf2 Qc8 16. Kh2 b5 17. b3 Be6 18. Rbf1 Qd7 19. Nd5 f5 20. exf5 Nxf5
21. Bg5 Nf6 22. Nxf6+ Bxf6 23. Bxf6 Rxf6 24. g4 Rbf8 25. gxf5 Bxf5 26. Ng3 b4 27. Nxf5 Rxf5 28. Rxf5 Rxf5 29. Bd5+ Kg7 30. Rxf5 Qxf5
31. Qe3 a5 32. Qe7+ Kh6 33. Qe3+ Kg7 34. Qe7+ Kh6 35. Qxd6 Qxd3 36. Qf8+ Kg5 37. h4+
1-0

[Event "Palaro ng Pawis at Dugo"]
[Site "SchemingMind.com"]
[Date "2007.08.30"]
[Round "-"]
[White "chronorook"]
[Black "Rixx"]
[Result "0-1"]
[WhiteCountry "PHI"]
[BlackCountry "PHI"]
[WhiteElo "1661"]
[WhiteRD "84"]
[BlackElo "1881"]
[BlackRD "109"]
[GameID "118596"]

1. e4 e6 2. f4 d5 3. e5 c5 4. Nf3 Qb6 5. d4 cxd4 6. Qxd4 Bc5 7. Qd2 Nc6 8. a3 a5 9. Nc3 a4 10. Bb5 Bd7
11. Qe2 Nd4 12. Bxd7+ Kxd7 13. Nxd4 Bxd4 14. Qb5+ Qc6 15. Qxc6+ bxc6 16. Bd2 Ne7 17. g4 h5 18. gxh5 Nf5 19. Rb1 Rhb8 20. Rg1 Bxg1
21. Ne2 Bxh2 22. Kf2 c5 23. Kg2 Rh8 24. Kxh2 Rxh5+ 25. Kg2 Rah8 26. Rg1 d4 27. Kf1 Rh1 28. Kg2 R8h2+ 29. Kf1 Rxg1+
0-1

[Event "Palaro ng Pawis at Dugo"]
[Site "SchemingMind.com"]
[Date "2007.09.03"]
[Round "-"]
[White "esteves101"]
[Black "Rixx"]
[Result "1-0"]
[WhiteCountry "PHI"]
[BlackCountry "PHI"]
[WhiteElo "1966"]
[WhiteRD "94"]
[BlackElo "1811"]
[BlackRD "96"]
[GameID "118598"]

1. e4 e6 2. Nf3 d5 3. exd5 exd5 4. Bb5+ c6 5. Be2 Bd6 6. O-O Nf6 7. d3 O-O 8. Re1 Bg4 9. Nc3 Nbd7 10. h3 Bh5
11. Be3 Qc7 12. g4 Bg6 13. g5 Nh5 14. Nd4 Nf4 15. Bg4 Rae8 16. Qd2 a6 17. Bxd7 Rxe3 18. fxe3 Qxd7 19. exf4 Qxh3 20. Qg2 Qxg2+
21. Kxg2 Bxf4 22. Re7 Bxg5 23. Rxb7 c5 24. Nf3 Bh6 25. Nxd5 Kh8 26. Ne5 Bh5 27. Re1 f6 28. Nd7 Rd8 29. Nxc5 Kg8 30. Ne7+ Kh8
31. Nxa6 Bd2 32. Re4 Bd1 33. c4 h5 34. Nc5 Ra8 35. Nd5 f5 36. Ree7 Bh6 37. a4 f4 38. b3 f3+ 39. Kf2 h4 40. Re4 g5
41. Ree7 Kg8 42. Nf6+ Kf8 43. Ne6#
1-0

[Event "Palaro ng Pawis at Dugo"]
[Site "SchemingMind.com"]
[Date "2007.08.30"]
[Round "-"]
[White "marks"]
[Black "Rixx"]
[Result "0-1"]
[WhiteCountry "PHI"]
[BlackCountry "PHI"]
[WhiteElo "1717"]
[WhiteRD "61"]
[BlackElo "1881"]
[BlackRD "109"]
[GameID "118599"]

1. e4 e6 2. Nc3 d5 3. d4 Bb4 4. e5 c5 5. a3 Bxc3+ 6. bxc3 Qc7 7. Nf3 Ne7 8. Bb5+ Bd7 9. Bxd7+ Nxd7 10. O-O O-O
11. Be3 b6 12. Nh4 f5 13. exf6 Nxf6 14. h3 Ne4 15. Bd2 Rf7 16. Nf3 Ng6 17. Ng5 Nxg5 18. Bxg5 Re8 19. Qg4 e5 20. Rae1 cxd4
21. cxd4 Qxc2 22. Rc1 Qf5 23. Qxf5 Rxf5 24. Be3 e4 25. Rc7 Rf7 26. Rfc1 Rxc7 27. Rxc7 Re7 28. Rc6 Rd7 29. Bg5 Kf7 30. Kf1 h6
31. Bd2 Ne7 32. Rc3 Nf5 33. Be3 Nd6 34. f3 exf3 35. gxf3 Nc4 36. Bc1 Re7 37. Kf2 Kf6 38. Kg3 Re2 39. h4 Kf5 40. Bf4 Ra2
41. Be5 Rxa3 42. Rxa3 Nxa3 43. Bxg7 h5 44. Kf2 b5 45. Bf8 Nc2 46. Bc5 b4 47. Ke2 a5 48. Kd2 b3 49. Kc3 a4 50. Bd6 Ne1
51. f4 Ng2
0-1

[Event "Palaro ng Pawis at Dugo"]
[Site "SchemingMind.com"]
[Date "2007.08.30"]
[Round "-"]
[White "Ray Duque 3"]
[Black "chronorook"]
[Result "1-0"]
[WhiteCountry "USA"]
[BlackCountry "PHI"]
[WhiteElo "1573"]
[WhiteRD "92"]
[BlackElo "1661"]
[BlackRD "84"]
[GameID "118640"]

1. e4 c5 2. c4 e5 3. Bd3 Nf6 4. b3 d6 5. Nc3 Be6 6. Bb2 Be7 7. Nge2 Nc6 8. O-O O-O 9. f4 exf4 10. Nxf4 Bg4
11. Nfe2 Nd4 12. Qe1 Bxe2 13. Nxe2 Re8 14. Nxd4 cxd4 15. Bxd4 Nd7 16. Qg3 Bf6 17. Bxf6 Nxf6 18. Rae1 Qb6+ 19. Kh1 Re6 20. Bb1 Nh5
21. Qg5 Rh6 22. Rf3 Qd4 23. Ref1 f6 24. Qf5 Re8 25. d3 Re5 26. Qc8+ Kf7 27. Qxb7+ Kg6 28. Qd7 Rg5 29. Qe8#
1-0

[Event "Palaro ng Pawis at Dugo"]
[Site "SchemingMind.com"]
[Date "2007.09.03"]
[Round "-"]
[White "Ray Duque 3"]
[Black "esteves101"]
[Result "0-1"]
[WhiteCountry "USA"]
[BlackCountry "PHI"]
[WhiteElo "1573"]
[WhiteRD "92"]
[BlackElo "1907"]
[BlackRD "102"]
[GameID "118642"]

1. e4 e5 2. Qh5 Nc6 3. Bc4 Qe7 4. c3 d6 5. d3 Nf6 6. Qd1 Be6 7. Bxe6 Qxe6 8. Nf3 d5 9. O-O dxe4 10. dxe4 Bd6
11. Re1 O-O-O 12. Bg5 h6 13. Bxf6 gxf6 14. Qc2 Rhg8 15. Qe2 f5 16. Nbd2 f6 17. b4 f4 18. Kh1 Qg4 19. Rg1 h5 20. g3 fxg3
21. fxg3 f5 22. Rae1 fxe4 23. Nxe4 Rdf8 24. Ref1 Rf5 25. a3 Rgf8 26. Rg2 Rxf3 27. Rxf3 Qxf3 28. Qc2 a6 29. Nxd6+ cxd6 30. Qg6 Qd1+
31. Rg1 Qd5+
0-1

[Event "Palaro ng Pawis at Dugo"]
[Site "SchemingMind.com"]
[Date "2007.08.30"]
[Round "-"]
[White "Ray Duque 3"]
[Black "marks"]
[Result "0-1"]
[WhiteCountry "USA"]
[BlackCountry "PHI"]
[WhiteElo "1578"]
[WhiteRD "87"]
[BlackElo "1722"]
[BlackRD "64"]
[GameID "118643"]

1. e4 e5 2. Qh5 d6 3. Bc4 Qf6 4. d3 g6 5. Qf3 Nc6 6. Qxf6 Nxf6 7. Nf3 Bg7 8. O-O O-O 9. Nc3 Na5 10. Bb3 Nxb3
11. axb3 a6 12. Bg5 Nd7 13. Nd5 c6 14. Ne3 h6 15. Bh4 Nf6 16. Bxf6 Bxf6 17. c3 Kg7 18. b4 b5 19. c4 Bb7 20. b3 Rfd8
21. Nd2 Be7 22. Nc2 d5 23. Rad1 dxc4 24. dxc4 c5 25. bxc5 Bxc5 26. h3 bxc4 27. bxc4 Rd3 28. Nf3 Rxd1 29. Rxd1 Bxe4 30. Ne3 Bxf3
31. gxf3 Kf6 32. Nd5+ Kf5 33. Kg2 a5 34. Nc3 a4 35. Rd7 f6 36. Rd1 a3 37. Na2 g5 38. Rd5 Rc8 39. Rd2 Bd4 40. Rc2 h5
41. Nb4 Rb8 42. Nd3 Rb2 43. Nxb2 axb2 44. Rxb2 Bxb2 45. c5 h4 46. Kf1 Bd4 47. c6 Bb6 48. Ke2 Bc7 49. Kd3 Kf4 50. Kc4 Kxf3
51. Kd5 e4 52. Ke6 Kxf2 53. Kxf6 e3 54. Kxg5 Kg3 55. Kf6 e2 56. Ke7 e1=Q+ 57. Kd7 Qe5 58. Kc8 Kf4 59. Kb7 Ke4 60. Kc8 Kd5
61. Kb7 Kc5 62. Kc8 Kd6 63. Kb7 Qb5+ 64. Ka7 Qb6+
0-1

[Event "Palaro ng Pawis at Dugo"]
[Site "SchemingMind.com"]
[Date "2007.08.30"]
[Round "-"]
[White "Ray Duque 3"]
[Black "Rixx"]
[Result "0-1"]
[WhiteCountry "USA"]
[BlackCountry "PHI"]
[WhiteElo "1573"]
[WhiteRD "92"]
[BlackElo "1881"]
[BlackRD "109"]
[GameID "118644"]

1. e4 e6 2. d4 d5 3. e5 c5 4. dxc5 Nc6 5. Nf3 Bxc5 6. Bb5 Bd7 7. c3 Nxe5 8. Bxd7+ Nxd7 9. O-O Ngf6 10. Be3 Qb6
11. Bxc5 Nxc5 12. b4 Nce4 13. Ne5 O-O 14. Qd3 Rac8 15. Qe3 Qd6 16. Nf3 a6 17. h3 Rc7 18. a4 Rfc8 19. Ra3 Qe7 20. Nfd2 Nxd2
21. Nxd2 Ne8 22. f4 Nd6 23. Qd4 Nc4 24. Nxc4 Rxc4 25. Qd2 Qf6 26. b5 Rxc3 27. Rxc3 Qxc3 28. Qxc3 Rxc3 29. bxa6 bxa6 30. Rb1 h6
31. Rb6 Rc4 32. Rxa6 Rxf4 33. a5 Ra4 34. Kf2 d4 35. Ke2 e5 36. Kd3 Ra3+ 37. Ke4 f6 38. Kf5 Rg3 39. Rd6 Rxg2 40. a6 Kh7
41. a7 Ra2 42. Rd7 d3 43. Rxd3 Rxa7 44. h4 h5 45. Re3 Ra4 46. Rh3 e4 47. Kf4 Kh6 48. Re3 g5+ 49. hxg5+ fxg5+ 50. Kg3 Rd4
51. Kf2 g4 52. Ke2 h4 53. Kf2 Kg5 54. Kg2 h3+ 55. Kh2 Kf4 56. Re2 e3 57. Kg1 Rd2 58. Kf1 Kf3 59. Rxe3+ Kxe3 60. Kg1 g3
0-1

[Event "Palaro ng Pawis at Dugo"]
[Site "SchemingMind.com"]
[Date "2007.08.30"]
[Round "-"]
[White "chronorook"]
[Black "Ray Duque 3"]
[Result "0-1"]
[WhiteCountry "PHI"]
[BlackCountry "USA"]
[WhiteElo "1613"]
[WhiteRD "87"]
[BlackElo "1578"]
[BlackRD "87"]
[GameID "118645"]

1. e4 e5 2. Nf3 d6 3. Bc4 Be6 4. Bxe6 fxe6 5. c3 Be7 6. d4 exd4 7. cxd4 Nf6 8. Nc3 O-O 9. Be3 b6 10. Qd2 Nbd7
11. O-O c5 12. Rad1 cxd4 13. Bxd4 e5 14. Be3 Qc7 15. Nd5 Nxd5 16. Qxd5+ Kh8 17. Bg5 Bxg5 18. Nxg5 Nf6 19. Qb3 Qe7 20. Rd2 Rad8
21. Ne6 Nxe4 22. Rd3 Nc5 23. Nxc5 dxc5 24. Rh3 Rf6 25. Re1 Rdf8 26. Qe3 Re6 27. Qe4 h6 28. Rd3 a6 29. h3 Rf4 30. Qa8+ Kh7
31. Qxa6 Qg5 32. Rg3 Qh4 33. Qd3+ Kh8 34. Qd7 Qf6 35. Re2 Re7 36. Qd8+ Kh7 37. a4 Rf7 38. Qd3+ Kh8 39. Qd2 e4 40. Rge3 Qf5
41. Qd8+ Kh7 42. Qd2 Rf6 43. b3 Rh4 44. Qc2= Rg6 45. Rg3 Rxg3 46. fxg3 Rh5 47. Qxe4 Qxe4 48. Rxe4 Rd5
0-1

[Event "Palaro ng Pawis at Dugo"]
[Site "SchemingMind.com"]
[Date "2007.09.03"]
[Round "-"]
[White "esteves101"]
[Black "Ray Duque 3"]
[Result "1-0"]
[WhiteCountry "PHI"]
[BlackCountry "USA"]
[WhiteElo "1907"]
[WhiteRD "102"]
[BlackElo "1573"]
[BlackRD "92"]
[GameID "118647"]

1. e4 e5 2. Nf3 d6 3. d4 exd4 4. Qxd4 Nc6 5. Bb5 Bd7 6. Bxc6 Bxc6 7. Bg5 f6 8. Be3 Ne7 9. Nc3 Ng6 10. O-O-O Be7
11. h4 Ne5 12. h5 h6 13. Nh4 Qd7 14. f4 Ng4 15. Bg1 b6 16. Nf5 Rg8 17. Qc4 O-O-O 18. Nxe7+ Kb8 19. Nxc6+
1-0

[Event "Palaro ng Pawis at Dugo"]
[Site "SchemingMind.com"]
[Date "2007.08.30"]
[Round "-"]
[White "marks"]
[Black "Ray Duque 3"]
[Result "1-0"]
[WhiteCountry "PHI"]
[BlackCountry "USA"]
[WhiteElo "1717"]
[WhiteRD "61"]
[BlackElo "1573"]
[BlackRD "92"]
[GameID "118648"]

1. c4 e5 2. Nc3 c6 3. d4 Bd6 4. Nf3 exd4 5. Qxd4 Qf6 6. e4 Qxd4 7. Nxd4 Bc7 8. Be2 d6 9. O-O Ne7 10. f4 O-O
11. Be3 c5 12. Nf3 a6 13. Rad1 Bg4 14. h3 Bxf3 15. Bxf3 Nbc6 16. Nd5 Nxd5 17. exd5 Ne7 18. Rfe1 Nf5 19. Bf2 b5 20. g4 Nh6
21. b3 f5 22. g5 Nf7 23. Re6 Rae8 24. Rde1 Rxe6 25. dxe6 Nh8 26. Bc6 Bd8 27. e7 Bxe7 28. Rxe7 Rd8 29. Ra7 bxc4 30. Bd5+ Kf8
31. Bxc4 Ng6 32. Rf7+ Ke8 33. Rxf5 Nf8 34. Rf7 Rd7 35. Rxd7 Kxd7 36. f5 a5 37. a4 Ke7 38. Kg2 Nd7 39. Kf3 Ne5+ 40. Ke4 Nxc4
41. bxc4 Kd7 42. h4 Ke7 43. Kd5 h6 44. Be3 hxg5 45. hxg5 Kd7 46. Bf4 Ke7 47. Bxd6+ Kf7 48. Bxc5 g6 49. f6 Ke8 50. Ke6 Kd8
51. f7 Kc7 52. f8=Q Kb7 53. Qd6 Ka8 54. Bb6 Kb7 55. Qc7+
1-0

[Event "Palaro ng Pawis at Dugo"]
[Site "SchemingMind.com"]
[Date "2007.08.30"]
[Round "-"]
[White "Rixx"]
[Black "Ray Duque 3"]
[Result "1/2-1/2"]
[WhiteCountry "PHI"]
[BlackCountry "USA"]
[WhiteElo "1811"]
[WhiteRD "96"]
[BlackElo "1578"]
[BlackRD "87"]
[GameID "118649"]

1. c4 e5 2. Nc3 b6 3. e4 Bb7 4. g3 Bc5 5. Bg2 Qf6 6. Nf3 h6 7. O-O Nc6 8. d3 a6 9. Be3 Nd4 10. Bxd4 Bxd4
11. Nxd4 exd4 12. Nd5 Bxd5 13. exd5 d6 14. Re1+ Ne7 15. Qe2 Rd8 16. Bh3 Kf8 17. Qe4 g5 18. Re2 Ng6 19. Rae1 Kg7 20. Qf5 Rhf8
21. Kg2 Qxf5 22. Bxf5 Ne5 23. Re4 Nxd3 24. R1e2 Nc1 25. Rd2 Nxa2 26. Re7 Rde8 27. Rxc7 b5 28. cxb5 axb5 29. Rxd4 Ra8 30. Rb7 b4
31. Bb1 Nc1 32. Rdxb4 Ra5 33. Rd4 Rc5 34. b4 Rcc8 35. b5 Nb3 36. Rd1 Rfe8 37. b6 Nc5 38. Ra7 Rb8 39. Bf5 Kf6 40. Bd7 Nxd7
41. Rxd7 Rxb6 42. Rc1 Re5 43. Rc6 Rxc6 44. dxc6 Ke6 45. h4 Rc5 46. Rc7 d5 47. Kh3 Kd6 48. Rxf7 Rxc6 49. Rf6+ Kc5 50. hxg5 hxg5
51. Rxc6+ Kxc6 52. Kg2 Kc5 53. Kf1 Kd4 54. f4 gxf4 55. gxf4 Ke4 56. Ke2 Kxf4 57. Kd3 Ke5 58. Ke3 d4+ 59. Kd2 Ke4 60. Ke2 d3+
61. Kd1 Ke3 62. Ke1 d2+ 63. Kd1 Kf2 64. Kxd2
1/2-1/2

[Event "Palaro ng Pawis at Dugo"]
[Site "SchemingMind.com"]
[Date "2007.09.08"]
[Round "-"]
[White "cjorge"]
[Black "esteves101"]
[Result "0-1"]
[WhiteCountry "PHI"]
[BlackCountry "PHI"]
[WhiteElo "1438"]
[WhiteRD "160"]
[BlackElo "1907"]
[BlackRD "102"]
[GameID "119064"]

1. d4 d5 2. e3 Nf6 3. a3 Bd7 4. Nf3 e6 5. Nc3 c5 6. Nb1 cxd4 7. Nxd4 Bd6 8. c4 O-O 9. Nc3 dxc4 10. Bxc4 Qc7
11. h4 Qxc4 12. Qf3 Rc8 13. Nde2 Nc6 14. e4 Ne5 15. Qe3 Bc5 16. Qg3 Nd3+
0-1

[Event "Palaro ng Pawis at Dugo"]
[Site "SchemingMind.com"]
[Date "2007.09.08"]
[Round "-"]
[White "cjorge"]
[Black "marks"]
[Result "0-1"]
[WhiteCountry "PHI"]
[BlackCountry "PHI"]
[WhiteElo "1466"]
[WhiteRD "138"]
[BlackElo "1722"]
[BlackRD "64"]
[GameID "119065"]

1. d4 d5 2. e3 Nf6 3. a3 e6 4. Nf3 Bd6 5. Nc3 O-O 6. h4 c5 7. h5 cxd4 8. Qxd4 Nc6 9. Qd3 Ne5 10. Nxe5 Bxe5
11. h6 g6 12. b4 b5 13. Bb2 Ne4 14. Rd1 Qf6 15. Nxe4 dxe4 16. Qxe4 Bc3+ 17. Bxc3 Qxc3+ 18. Rd2 Bd7 19. f3 Bc6 20. Qd4 Qxd4
21. Rxd4 Rfd8 22. Rxd8+ Rxd8 23. Bd3 a6 24. Kf2 Kf8 25. g4 f5 26. gxf5 exf5 27. Re1 Kf7 28. Kg3 Kf6 29. Kf4 g5+ 30. Kg3 Bd7
31. e4 f4+ 32. Kf2 Ke5 33. Rg1 Rg8 34. Ke2 Kd4 35. Kd2 Ke5 36. Kc3 Be6
0-1

[Event "Palaro ng Pawis at Dugo"]
[Site "SchemingMind.com"]
[Date "2007.09.08"]
[Round "-"]
[White "cjorge"]
[Black "Rixx"]
[Result "0-1"]
[WhiteCountry "PHI"]
[BlackCountry "PHI"]
[WhiteElo "1438"]
[WhiteRD "160"]
[BlackElo "1881"]
[BlackRD "109"]
[GameID "119066"]

1. d4 d5 2. e3 Nf6 3. a3 c6 4. Nf3 Nbd7 5. h3 e6 6. g3 Bd6 7. c4 O-O 8. c5 Bc7 9. h4 e5 10. h5 exd4
11. exd4 Re8+ 12. Be2 Qe7 13. Nc3 b6 14. O-O bxc5 15. dxc5 Nxc5 16. Ng5 h6 17. Nf3 Nfe4 18. Re1 Qf6 19. Bd2 Bg4 20. Nxe4 Nxe4
21. Be3 Nxg3 22. Nh2 Nxe2+ 23. Rxe2 Bxe2 24. Qxe2 d4 25. Ng4 Qh4 26. Qf3 dxe3 27. fxe3 Re6 28. Rf1 Rf8 29. Kg2 Rxe3
0-1

[Event "Palaro ng Pawis at Dugo"]
[Site "SchemingMind.com"]
[Date "2007.09.08"]
[Round "-"]
[White "chronorook"]
[Black "cjorge"]
[Result "0-1"]
[WhiteCountry "PHI"]
[BlackCountry "PHI"]
[WhiteElo "1613"]
[WhiteRD "87"]
[BlackElo "1466"]
[BlackRD "138"]
[GameID "119067"]

1. e4 c6 2. Nf3 e6 3. d4 d5 4. exd5 cxd5 5. Bb5+ Nd7 6. c3 a6 7. Ba4 b5 8. Bc2 h6 9. O-O h5 10. Bf4 Ne7
11. Qe2 f6 12. Re1 Nb6 13. Nbd2 g5 14. Be3 g4 15. Nh4 Bb7 16. Bf4 Bc8 17. Nb3 Nc4 18. Nc5 Qb6 19. Nxe6 Kf7 20. Bc7 Qxe6
21. Qd3 Qd7 22. Ba5 Nxa5 23. Re2 Nac6 24. Rae1 Rh6
0-1

[Event "Palaro ng Pawis at Dugo"]
[Site "SchemingMind.com"]
[Date "2007.09.08"]
[Round "-"]
[White "Ray Duque 3"]
[Black "cjorge"]
[Result "1-0"]
[WhiteCountry "USA"]
[BlackCountry "PHI"]
[WhiteElo "1578"]
[WhiteRD "87"]
[BlackElo "1466"]
[BlackRD "138"]
[GameID "119069"]

1. e4 c6 2. d4 e6 3. Nf3 d5 4. exd5 cxd5 5. Ne5 g6 6. Qf3 Qc7 7. Bb5+ Nc6 8. Bxc6+ bxc6 9. Bf4 Qa5+ 10. c3 Bb7
11. Nxf7 Bg7 12. Nxh8 Bxh8 13. O-O O-O-O 14. Nd2 Nf6 15. Rfe1 Kd7 16. Bg5 Rf8 17. Qh3 Ne4 18. Qxh7+ Kc8 19. Nxe4 dxe4 20. Qe7 Qd8
21. Qxd8+ Rxd8 22. Bxd8 Kxd8 23. Rxe4 Bc8 24. Rg4 e5 25. Rxg6 Bd7 26. Rg8+ Kc7 27. Rxh8 exd4 28. cxd4
1-0

[Event "Palaro ng Pawis at Dugo"]
[Site "SchemingMind.com"]
[Date "2007.09.08"]
[Round "-"]
[White "esteves101"]
[Black "cjorge"]
[Result "1-0"]
[WhiteCountry "PHI"]
[BlackCountry "PHI"]
[WhiteElo "1907"]
[WhiteRD "102"]
[BlackElo "1438"]
[BlackRD "160"]
[GameID "119070"]

1. e4 c6 2. Nf3 e6 3. Be2 d5 4. e5 Nd7 5. O-O h5 6. d4 f6 7. Nh4 Ne7 8. Bxh5+ g6 9. Nxg6 Nxg6 10. Bxg6+ Ke7
11. exf6+ Nxf6 12. Bf4 Bh6 13. Be5 Rg8 14. Qd3 Ng4 15. Qa3+
1-0

[Event "Palaro ng Pawis at Dugo"]
[Site "SchemingMind.com"]
[Date "2007.09.08"]
[Round "-"]
[White "marks"]
[Black "cjorge"]
[Result "1-0"]
[WhiteCountry "PHI"]
[BlackCountry "PHI"]
[WhiteElo "1717"]
[WhiteRD "61"]
[BlackElo "1438"]
[BlackRD "160"]
[GameID "119071"]

1. e4 e6 2. d4 c6 3. c4 Nf6 4. Bg5 h6 5. Bxf6 Qxf6 6. Nf3 d6 7. Be2 Na6 8. O-O h5 9. e5 Qf4 10. Qb3 h4
11. Nbd2 g5 12. Qe3 Be7 13. Qxf4 gxf4 14. Ne4 Rg8 15. Nxd6+ Bxd6 16. exd6
1-0